000
00343 a2200157 4500
001
72255
020
_a
8516015092
040
_c
Anchieta - Colégio São Paulo
100
_a
Venezia, Mike
240
1
0
_a
Vincent Van Gogh
_l
por
245
1
0
_a
Vincent Van Gogh
300
_a
32
362
0
_a
2003
650
4
_a
Literatura infantil
942
_c
BK
999
_c
72255
_d
72255